Famous Battles - Statistics

General Stats
  • This quiz has been taken 70 times
  • The average score is 13 of 20
Answer Stats
Hint Answer % Correct
1815 Napoleon's final defeat Battle of {Waterloo}
90%
1453 Ottomans conquer their capital Fall of {Constantinople}
87%
1066 Everyone knows this one: Normans defeat Anglo-Saxons Battle of {Hastings}
85%
1942-3 Bloodiest battle in history, over 2 million deaths Battle of {Stalingrad}
85%
480 BC 300 Spartans (and some 6000 other Greeks) hold the Achaemenid invasion Battle of {Thermopylae}
79%
732 Franks under Charles Martel halt the Umayyad advance Battle of {Tours}
75%
1415 A great English victory against the French, immortalized by Shakespeare Battle of {Agincourt}
74%
1683 Ottomans' advance is halted Second Siege of {Vienna}
74%
1805 Napoleon's greatest victory Battle of {Austerlitz}
70%
1915-6 England and France fail to invade the Ottomans through this peninsula Battle of {Gallipoli}
70%
1565 Jean Parisot de Valette holds this island against the Ottomans, which earns him having the capital named after him Great Siege of {Malta}
70%
9 Germanic tribes under Ariminius smash three Roman legions Battle of {Teutoburg Forest}
62%
331 BC Alexander's greatest victory Battle of {Gaugamela}
59%
1291 Crusaders are expelled from the Holy Land for good Fall of {Acre}
54%
1920 Poland avoids conquest at their last stand Battle of {Warsaw}
52%
1992-6 This city is under siege from the first day of the war to the last Siege of {Sarajevo}
51%
1274 BC Egyptians and Hittites sign the first recorded peace treaty Battle of {Qadesh}
49%
31 BC Rome becomes an Empire Battle of {Actium}
48%
486 France wouldn't exist if Clovis had lost this one against Syagrius Battle of {Soissons}
11%
1071 Seljuks defeat the Byzantines and capture their emperor Battle of {Mazinkert}
3%
No matching quizzes found
Score Distribution
Percent of People with Each Score
Percentile by Number Answered
Your Score History
You have not taken this quiz